000 00751nam a2200253Ia 4500
003 OSt
005 20220925225342.0
006 a|||||r|||| 00| 0
007 ta
008 220923b |||||||| |||| 00| 0 eng d
020 _a9788178298559
_c403.75
037 _b117, 08/08/2008, PIONEER BOOK DISTRIBUTORS
_cGeneral Book
040 _aRTL
_cRTL
_beng
041 _2eng
_aeng
082 _aX:8F, P5
100 _aMarriott Pru and others
_9292342
245 0 _aIntroduction to accounting
250 _a3
260 _aLondon
_bSage
_c2005
300 _axiv, 537p
_ccm.
650 _aCommerce
942 _hX:8F, P5
_cGB
_2CC
999 _c583415
_d583415